Wireless Servicing Manual (Record no. 545710)

000 -LEADER
fixed length control field 00393nam a22001457a 4500
082 ## - DEWEY DECIMAL CLASSIFICATION NUMBER
Classification number 621.384.
Author Mark COC.
-- L-11, P-52.
100 ## - MAIN ENTRY--PERSONAL NAME
Personal name Cocking, W.T.
9 (RLIN) 41663
245 ## - TITLE STATEMENT
Title Wireless Servicing Manual
Statement of responsibility, etc. Cocking, W.T.
250 ## - EDITION STATEMENT
Edition statement 7th ed.
260 ## - PUBLICATION, DISTRIBUTION, ETC.
Place of publication, distribution, etc. London
Name of publisher, distributor, etc. Iliffe & Sons
300 ## - PHYSICAL DESCRIPTION
Extent v, 328 p.:
Dimensions 16 cm.
526 ## - STUDY PROGRAM INFORMATION NOTE
Program name 0
Interest level 0
Reading level 0
Title point value 621_384000000000000__COC
650 ## - SUBJECT ADDED ENTRY--TOPICAL TERM
Topical term or geographic name entry element MCE.
9 (RLIN) 379
942 ## - ADDED ENTRY ELEMENTS (KOHA)
Source of classification or shelving scheme
Koha item type Book
Holdings
Withdrawn status Lost status Source of classification or shelving scheme Damaged status Not for loan Permanent Location Current Location Date acquired Total Checkouts Full call number Barcode Date last seen Date last checked out Price effective from Koha item type
          Military College of Engineering (MCE) Military College of Engineering (MCE) 05/28/2014 1 621.384. COC. MCE-30805 05/28/2014 05/28/2014 05/28/2014 Book
© 2023 Central Library, National University of Sciences and Technology. All Rights Reserved.